zpět

Detail výsledku týmu

A-Sport, Hradec Králové

Datum a čas kvízu

32 Celkem bodů Celkový počet nahraných bodů na tomto kvízu bez doplňovacích otázek.
8. Pořadí na kvízu Konečné umístění týmu na tomto kvízu.

Zaznamenané odpovědi

# Otázka Odpověď Body Výsledky
1. V pátek byl prezidentem republ... Josef Baxa 1
2. Na Ukrajině v pondělí započala... (Matka) Ukrajina 1
3. Minulý týden proběhla akce naz... C) kojení 0
4. Minulý týden jsme mohli na noč... červený 0
5. Velký sportovní úspěch si přip... v basketbalu 1
6. Karel Veliký přijal císařskou... C 1
7. Ve kterém snadno zapamatovatel... 1212 1
8. Třetí pražský arcibiskup byl p... D 1
9. Karel Marx se narodil v roce,... D 1
10. Doktor Edward Jenner přišel ko... očkování 1